000 02423nam0a2200325 4500
001 RU\NLR\BIBL_A\022375366
005 20260420021107.0
021 _aRU
_bКН-П-24-054561
_9КН-П-24-5435
035 _a(NLR Aleph) 022375366
090 _a13669390
_c13669390
100 _a20241107d2024 k y0rusy50 ca
101 0 _arus
102 _aRU
105 _ay j 000yy
181 0 _ai4
_baxxe
182 0 _an
200 1 _aТрудовое право
_eучебно-методическое пособие
_eпо направлению подготовки 40.03.01 "Юриспруденция" (бакалавриат) и рабочей программе дисциплины "Трудовое право"
_fО. Н. Чекунова, В. А. Беседина
_gФедеральное агентство морского и речного транспорта, Федеральное государственное бюджетное образовательное учреждение высшего образования Государственный университет морского и речного флота имени адмирала С. О. Макарова, Институт международного транспортного менеджмента, Кафедра частного права
203 _aТекст
_bвизуальный
_cнепосредственный
210 _aСанкт-Петербург
_cИзд-во ГУМРФ имени адмирала С. О. Макарова
_d2024
215 _a103, [1] с.
_d21
300 _aВ вып. дан. авт.: Чекунова Ольга Никандровна, к. ю. н., доц., Беседина Валентина Алексеевна, к. ю. н., к. п. н., доц.
320 _aБиблиогр. в конце кн. (12 назв.)
606 1 _aТрудовое право
_jУчебно-методические пособия для высших учебных заведений
_yРоссийская Федерация
_92071166
_3RU\NLR\AUTH\661245915
686 1 _aХ627я73
700 1 _aЧекунова
_bО. Н.
_cканд. юрид. наук
_gОльга Никандровна
_9188929
_3RU\NLR\AUTH\770188980
701 1 _aБеседина
_bВ. А.
_gВалентина Алексеевна
942 _cBOOK
980 _aNB